Staying at Daisy's / (Record no. 233499)

000 -LEADER
fixed length control field 01502cam a2200313 a 4500
001 - CONTROL NUMBER
control field 16509175
003 - CONTROL NUMBER IDENTIFIER
control field Nust
005 - DATE AND TIME OF LATEST TRANSACTION
control field 20170308120602.0
008 - FIXED-LENGTH DATA ELEMENTS--GENERAL INFORMATION
fixed length control field 101019r20112002ilu 000 1 eng
010 ## - LIBRARY OF CONGRESS CONTROL NUMBER
LC control number 2010043576
020 ## - INTERNATIONAL STANDARD BOOK NUMBER
International Standard Book Number 9781402243844 (pbk.)
020 ## - INTERNATIONAL STANDARD BOOK NUMBER
International Standard Book Number 1402243847 (pbk.)
035 ## - SYSTEM CONTROL NUMBER
System control number (OCoLC)ocn662405309
040 ## - CATALOGING SOURCE
Original cataloging agency DLC
Transcribing agency DLC
Modifying agency IG#
-- BTCTA
-- ON8
-- NBO
-- IK2
-- WIQ
-- QQ3
-- DLC
042 ## - AUTHENTICATION CODE
Authentication code pcc
050 00 - LIBRARY OF CONGRESS CALL NUMBER
Classification number PR6063.A395
Item number S73 2011
082 00 - DEWEY DECIMAL CLASSIFICATION NUMBER
Classification number 823/.914
Edition number 22
100 1# - MAIN ENTRY--PERSONAL NAME
Personal name Mansell, Jill.
245 10 - TITLE STATEMENT
Title Staying at Daisy's /
Statement of responsibility, etc. Jill Mansell.
260 ## - PUBLICATION, DISTRIBUTION, ETC.
Place of publication, distribution, etc. Naperville, Ill. :
Name of publisher, distributor, etc. Sourcebooks Landmark,
Date of publication, distribution, etc. 2011.
300 ## - PHYSICAL DESCRIPTION
Extent 500 p. ;
Dimensions 21 cm.
500 ## - GENERAL NOTE
General note Includes an excerpt from To the moon and back.
520 ## - SUMMARY, ETC.
Summary, etc. Jill Mansell is a huge internationally bestselling author with 22 novels and over 4 million copies sold. Our first six U.S. editions have sold over 85,000 copies. Hotel manager Daisy MacLean thinks she has people all figured out. When she meets cocky, sarcastic Dev Tyzack, it's a no brainer-stay away. But as guests come and go, Daisy realizes Dev is the one person she wants to stay.
650 #0 - SUBJECT ADDED ENTRY--TOPICAL TERM
Topical term or geographic name entry element Widows
Form subdivision Fiction.
650 #0 - SUBJECT ADDED ENTRY--TOPICAL TERM
Topical term or geographic name entry element Hotelkeepers
Form subdivision Fiction.
650 #0 - SUBJECT ADDED ENTRY--TOPICAL TERM
Topical term or geographic name entry element Rugby football players
Form subdivision Fiction.
655 #7 - INDEX TERM--GENRE/FORM
Genre/form data or focus term Love stories.
Source of term gsafd
906 ## - LOCAL DATA ELEMENT F, LDF (RLIN)
a 7
b cbc
c orignew
d 1
e ecip
f 20
g y-gencatlg
942 ## - ADDED ENTRY ELEMENTS (KOHA)
Source of classification or shelving scheme
Koha item type Book
Holdings
Withdrawn status Lost status Source of classification or shelving scheme Damaged status Not for loan Permanent Location Current Location Shelving location Date acquired Full call number Barcode Date last seen Copy number Price effective from Koha item type
          Central Library (CL) Central Library (CL) Fiction 03/08/2017 823.914 MAN CL1566 03/08/2017 1 03/08/2017 Book
© 2023 Central Library, National University of Sciences and Technology. All Rights Reserved.